|
|
|
|
| LEADER |
00000nam a2200000 a 4500 |
| 001 |
vtls001099253 |
| 003 |
SK-MaSNL |
| 005 |
20260301062459.0 |
| 008 |
240313s1982 xo da e n 00000 slo |
| 015 |
|
|
|a SNBA1982/10
|
| 035 |
|
|
|a SNK000042095
|
| 040 |
|
|
|a SNK
|b slo
|c SNK
|e AACR2
|
| 041 |
0 |
|
|a slo
|
| 044 |
|
|
|a xo
|c SK
|
| 080 |
|
|
|a 624.014.2(075.8)
|2 1981
|
| 100 |
1 |
|
|a Voříšek, Vladimír,
|d 1945-
|4 aut
|9 5901
|
| 245 |
1 |
0 |
|a Kovové konštrukcie 1
|b Prvky kovových konštrukcií
|c Vladimír Voříšek, Eugen Chladný
|
| 250 |
|
|
|a 1. vyd., 1. dotl.
|
| 260 |
|
|
|a Bratislava
|b Slovenská vysoká škola technická
|c 1982
|
| 300 |
|
|
|a 415 s.
|b grafy, sch., tab.
|c 29 cm
|
| 366 |
|
|
|e 200 výt.
|
| 500 |
|
|
|a Použité symboly
|
| 504 |
|
|
|a Bibliogr. odkazy
|
| 650 |
0 |
7 |
|a oceľové konštrukcie
|2 SNKPH
|9 31829
|
| 655 |
|
7 |
|a učebnice vysokých škôl
|2 SNKPH
|9 70191
|
| 700 |
1 |
|
|a Chladný, Eugen,
|d 1928-2020
|4 aut
|9 213486
|
| 958 |
|
|
|a OND
|
| 958 |
|
|
|a NB
|
| 958 |
|
|
|a RM
|
| 958 |
|
|
|a UV
|
| 999 |
|
|
|c 620809
|d 622739
|
| 952 |
|
|
|a SNK
|b SNK
|y PREZ
|7 0
|p 17A0981925
|o snkSB 34254/1
|i snkKSP 7890/82
|0 0
|1 0
|4 0
|d 2014-06-06
|f 1
|l 0
|r 2025-04-09 00:00:00
|w 2026-02-23
|
| 952 |
|
|
|a SNK
|b SNK
|y VYP
|7 0
|o snkSB 34254/1 D1
|i snkKSP 7891/82
|0 0
|1 0
|4 0
|d 2014-06-06
|l 0
|r 2026-02-23 16:54:35
|w 2026-02-23
|